| 000 | 00424cam a2200181ua 4500 | ||
|---|---|---|---|
| 020 | _cRs.5/- | ||
| 041 |
_ahin _h |
||
| 082 |
_a891.54 _bKAN/TA |
||
| 100 | _aKanhalal, Maniklal . | ||
| 245 | 0 | 0 |
_aTapaswini / _cKanhalal. _hTextual Documents |
| 260 |
_a : _bRajkamal prakashan , _c1961. |
||
| 300 | _a247 ; . | ||
| 365 | _aRs.5/- | ||
| 504 | _a | ||
| 700 | 1 | _amunshi, . | |
| 942 | _cBK | ||
| 999 |
_c11643 _d11643 |
||